000 00348 a2200157 4500
001 50261
020 _a9780736279987
040 _cAnchieta - Bela Vista
100 _aLarson, Julie
240 1 0 _aUp in the sky
_leng
245 1 0 _aUp in the sky
300 _a8
362 0 _a2011
650 4 _aLiteratura infanto-juvenil em inglês
942 _cBK
999 _c50261
_d50261